Cultural Legacies and Electoral Performance of Ethnic Minority Parties in Post-Communist Europe
| Titel: | Cultural Legacies and Electoral Performance of Ethnic Minority Parties in Post-Communist Europe |
|---|---|
| Verfasser: | |
| In: |
Nations and nationalism, Band 21, Heft 4 (2015), Seite 721-740 alle Artikel anzeigen |
| Veröffentlicht: | 2015 |
| Format: | Aufsatz |
| Sprache: | Englisch |
X
alg: 39282454 001A $01999:11-11-16 001B $01999:10-07-24 $t22:32:32.000 001C $06050:19-11-16 $t15:06:49.000 001D $01999:11-11-16 001U $0utf8 001X $00 002@ $0Oox 003@ $039282454X 007A $039282454X $aHEB 007T $0Herdc0108727m 009Q $uhttp://onlinelibrary.wiley.com/doi/10.1111/nana.12143 $xVolltext 010@ $aeng 011@ $a2015 021A $aCultural Legacies and Electoral Performance of Ethnic Minority Parties in Post-Communist Europe 028A $aBilinski $dAdam 031A $d21 $e4 $h721-740 $j2015 039B $aIn $8--Obvc--. Nations and nationalism. - Oxford : Wiley-Blackwell, 1995-. - Online-Ressource. - ISSN 1469-8129. - DOI 10.1111/(ISSN)1469-8129 $x201500000210004279 $9084522844 045F $a909 $eDDC23BSB 045F/01 $a909 045F/03 $g437 lok: 39282454 78 exp: 39282454 78 1 #EPN 201B/01 $019-04-17 $t11:36:22.000 201U/01 $0utf8 203@/01 $0788934767 208@/01 $a11-11-16 $be 209A/01 $a/ $f000 $x00 220C/01 $aTitelaufnehmer: pg 220C/01 $aHerkunft: HI Marburg 244Z/01 $2Trx $#Kesk- ja Ida- Euroopa kontseptsioonid $#Vidurio Europos koncepcijos $#East-Central Europe $#Keletközépeurópa-eszmék $#Europa Środkowo-Wschodnia koncepcje $#Európa stredovýchodná koncepcie $#Evropa střední, východní část koncepce $#Mitteleuropa $#Osteuropakonzeptionen $#Europa Środkowa koncepcje $#Stredná Európa koncepcie $#Střední Europa koncepce $8--Trx--Ostmitteleuropakonzeptionen $x01 $9391364286 244Z/01 $2Trx $#vähemused, rahvuslikud $#tautinės mažumos $#minorities, national $#kisebbségek, nemzeti $#mniejszości narodowe $#menšiny národnostné $#menšiny národnostní $#Minderheiten, sprachliche $#menšiny, jazykové $8--Trx--Minderheiten, nationale $x02 $9391373978 244Z/01 $2Trx $#parteid $#politinės partijos bendras $#political parties $#politikai pártok $#partie polityczne ogólnie $#strany politické všeobecne $#strany politické všeobecně $#życie polityczne $8--Trx--Parteien$gübergreifend $x03 $939135907X 244Z/01 $2Trx $8--Trx--Zeitschriftenaufsatz $x04 $9391384341 244Z/01 $2Trx $8--Trx--elektronische Ressource $x05 $939138452X 245Z/01 $a07.03 $x01 247C/01 $82080>Marburg/Lahn, Herder-Institut, Forschungsbibliothek, Bibliographieportal $9336309341
| LEADER | 00000caa a22000002c 4500 | ||
|---|---|---|---|
| 001 | 39282454X | ||
| 003 | DE-603 | ||
| 005 | 20240710223232.0 | ||
| 007 | cr|||||||||||| | ||
| 008 | 161111s2015 xx |||| o| u00||u|eng c | ||
| 035 | |a (DE-599)HEB39282454X | ||
| 040 | |a DE-603 |b ger |c DE-603 |d DE-603 | ||
| 041 | |a eng | ||
| 082 | 0 | 4 | |8 1\u |a 909 |q DE-101 |2 23/BSB |
| 085 | |8 1\u |b 909 | ||
| 085 | |8 1\u |z 2 |s 437 | ||
| 100 | 1 | |a Bilinski, Adam | |
| 245 | 0 | 0 | |a Cultural Legacies and Electoral Performance of Ethnic Minority Parties in Post-Communist Europe |
| 264 | 0 | |c 2015 | |
| 773 | 0 | 8 | |i In |t Nations and nationalism |d Oxford : Wiley-Blackwell, 1995- |h Online-Ressource |o 10.1111/(ISSN)1469-8129 |x 1469-8129 |g Band 21, Heft 4 (2015), Seite 721-740 |w (DE-603)084522844 |w (DE-600)1500007-2 |
| 856 | |u http://onlinelibrary.wiley.com/doi/10.1111/nana.12143 | ||
| 924 | 1 | |9 2080 |a (DE-603)788934767 |b DE-2080 |c HES |d d |g / | |


